000 00924nam a2200253 a 4500
005 20260416111050.0
007 cr |||aaaaaaa|
008 260416s2022 ck|bd|||o ||| 000 0 spa d
020 _a9786287518322
040 _aMX-MxUPN
_bspa
_eaacr2
041 0 _aspa
100 1 _aHelg, Aline
_959274
245 1 3 _aLa educación en Colombia :
_b1918 – 1957. Una historia social, económica y política
_h[recurso electrónico en línea]
250 _aTercera edición,
_brevisada
260 _aBogotá, Colombia :
_bUniversidad Pedagógica Nacional,
_c2022
300 _a1 recurso en línea (493 páginas) :
_bmapas, gráficas, PDF
490 0 _aColección Rescates
506 0 _aAcceso abierto
700 1 _aOrlando Melo, Jorge
_etraducción
_959276
700 1 _aGómez, Fernando
_959280
_etraducción
856 4 0 _uhttp://hdl.handle.net/20.500.12209/17120
902 _aJohanaAllegre/160426
942 _2lcc
_cLIBRO-E
999 _c214965
_d214965